000 02364nam0a22003851 4500
001 v19\rc\1605216
005 20250618222401.0
035 _a(NLR Aleph) 004726833
090 _a4409105
_c4409105
100 _a20061002d1896 |||y0rusy50 ca
101 1 _arus
_ceng
102 _aRU
105 _ay z |||||
200 1 _aГуманитарное учение или гуманитарианизм
_eПер. с англ.
_f[Соч.] Г.С. Солта
210 _aМосква
_cПосредник
_d1896
215 _a144 с.
_d20
225 1 _aДля интеллигентных читателей
_v55
300 _aНа обл. номер серии: № 56
327 0 _aВ кн. также: Антропофаги и вегетарианцы / [Соч.] А. Гриневского. Вегетарианство, его смысл и общественное значение / Ст. М.С. (Михаила Изгоева). Мясо или плоды? / [Соч.] Г.С. Солта. Пер. с англ. А. Счастной
464 0 _12001#$aАнтропофаги и вегетарианцы$fСоч. А. Гриневского
_1700#1$aГриневский$bА.Ф.$gАдольф Федорович
_tАнтропофаги и вегетарианцы
_aГриневский, Адольф Федорович
464 0 _12001#$aВегетарианство, его смысл и общественное значение$eСт. М.С. (Михаила Изгоева)
_1700#1$aИзгоев$bМ.$gМихаил$9z01790
_tВегетарианство, его смысл и общественное значение
_aИзгоев, Михаил
464 0 _12001#$aМясо или плоды?$fСоч. Г.С. Солта$gПер. с англ. А. Счастной
_1700#1$aСолт$bГ.С.$f1851-$gГенри Стефенс
_1702#1$aСчастная$bА.$4730
_tМясо или плоды?
_aСолт, Генри Стефенс (1851-)
517 0 _aГуманитарианизм
700 1 _aСолт
_bГ.С.
_f1851-
_gГенри Стефенс
801 0 _aRU
_bNLR
_gpsbo
801 0 _aRU
_bRuMoRGB
_2psbo
801 1 _aRU
_bProSoft-M
_2rusmarc
852 _aNLR
_j18.260.8.67
899 _aRuMoRGB
_jРб 29/156
899 _aRuMoRGB
_jA 174/636
899 _aRuMoRGB
_jМК
899 _aБАН
899 _aНБ МГУ
942 _cBOOK
980 _aNB